Top 25 most populated countries - Statistics

General Stats
  • This quiz has been taken 49 times
  • The average score is 22 of 25
Answer Stats
Population Answer % Correct
1,425 million China
100%
1,417 million India
100%
275 million Indonesia
100%
215 million Brazil
98%
123 million Japan
98%
127 million Mexico
98%
235 million Pakistan
95%
144 million Russia
95%
338 million USA
95%
64 million France
90%
84 million Germany
90%
218 million Nigeria
90%
67 million UK
90%
88 million Iran
88%
110 million Egypt
86%
59 million Italy
86%
71 million Thailand
86%
84 million Turkey
83%
98 million Vietnam
83%
99 million DR Congo
81%
171 million Bangladesh
79%
115 million Philippines
76%
59 million South Africa
71%
123 million Ethiopia
69%
65 million Tanzania
50%
No matching quizzes found
Score Distribution
Percent of People with Each Score
Percentile by Number Answered
Your Score History
You have not taken this quiz